[Event "Niedersachsen-ch op-C"]
[Site "Verden"]
[Date "2016.01.04"]
[Round "3"]
[White "Hintze, Lobosch"]
[Black "Blanke, Jonas"]
[Result "1/2-1/2"]
[WhiteElo "841"]
[BlackElo "1188"]
[PlyCount "43"]
[EventDate "2016.01.03"]
[EventType "swiss"]
[EventRounds "7"]
[EventCountry "GER"]
[SourceTitle "EXT 2018"]
[Source "ChessBase"]
[SourceDate "2017.10.13"]
[SourceVersion "1"]
[SourceVersionDate "2017.10.13"]
[SourceQuality "1"]

1. e4 c5 2. Nf3 Nc6 3. Bc4 g6 4. Ng5 Ne5 5. Bb3 c4 6. Ba4 Qa5 7. f4 Qxa4 8. fxe5 Bg7 9. 0-0 f6 10. Nc3 Qa5 11. exf6 Nxf6 12. Nf3 0-0 13. d3 Qc5+ 14. d4 Qc6 15. Bg5 Nxe4 16. Nxe4 Qxe4 17. Re1 Qf5 18. Bxe7 Re8 19. c3 d5 20. Nh4 Qf7 21. Bb4 Rxe1+ 22. Qxe1 1/2-1/2

[Event "Niedersachsen-ch op-C"]
[Site "Verden"]
[Date "2016.01.03"]
[Round "1"]
[White "Hintze, Lobosch"]
[Black "Vladi, Ramesh"]
[Result "0-1"]
[WhiteElo "841"]
[BlackElo "1099"]
[PlyCount "108"]
[EventDate "2016.01.03"]
[EventType "swiss"]
[EventRounds "7"]
[EventCountry "GER"]
[SourceTitle "EXT 2018"]
[Source "ChessBase"]
[SourceDate "2017.10.13"]
[SourceVersion "1"]
[SourceVersionDate "2017.10.13"]
[SourceQuality "1"]

1. e4 e5 2. Nf3 Nc6 3. Bc4 Bc5 4. d3 d6 5. Ng5 Nh6 6. 0-0 0-0 7. Nf3 Nd4 8. Nxd4 exd4 9. Bxh6 gxh6 10. Qd2 Qg5 11. Qxg5+ hxg5 12. c3 a5 13. cxd4 Bxd4 14. Nc3 Bxc3 15. bxc3 a4 16. d4 c6 17. a3 Be6 18. d5 b5 19. Ba2 Bd7 20. dxc6 Bxc6 21. Bd5 Bxd5 22. exd5 Rac8 23. Rac1 Rfe8 24. h3 Re5 25. Rfd1 Rc5 26. Rd2 Rexd5 27. Rxd5 Rxd5 28. c4 Rc5 29. Kf1 Rxc4 30. Rxc4 bxc4 31. Ke2 f5 32. Kd2 Kf7 33. Kc3 d5 34. f3 Ke6 35. g3 Kd6 36. Kd4 Kc6 37. f4 gxf4 38. gxf4 Kd6 39. h4 h5 40. Kc3 Kc5 41. Kd2 Kd4 42. Kc2 Ke4 43. Kc3 Kxf4 44. Kd4 Kg3 45. Kc3 f4 46. Kd2 d4 47. Kd1 f3 48. Ke1 Kg2 49. Kd2 f2 50. Kc2 f1Q 51. Kd2 c3+ 52. Kc2 Qe2+ 53. Kc1 Qd2+ 54. Kb1 Qb2# 0-1